01065nam a2200241 a 450000100100000000500170001000800410002704000250006804100390009308200130013210000270014524000500017224501140022226000740033630000210041053400730043150000220050470000310052604900090055795201170056695201230068399900170080600002443120200930023154.0110127s1974 mx r 001 0 spa d aDO-SdBNPbspacBNPHU17aspaheng2Código de idiomas MARC ann*bnn*1 aArthur, Robert.95008510aExploring new ethics for survival.lEspañol10aDiorama 2000 :bhacia una ética para la supervivencia humana /cGarrett Hardin ; traducción Pilar Angulo. aMéxico, D. F. :bPax-México, Librería Carlos Césarman,c1974. a373 p. ;c20 cm. aTítulo de la obra en inglés :tExploring new ethics for survival aIncluye índice.1 aAngulo, Pilar,etr.950086 aBNGR 001054708MOaGRbGRcCTd2011-01-27iLF1l0onn* nn*p24431-10r2020-06-25w2020-06-25y4ZPréstamo en sala 001054728MOaGRbGRcCTd2011-01-27iLF1l0onn* nn*p24431-20r2020-06-25te. 2w2020-06-25y4ZPréstamo en sala c23924d23924